U.S. Cities With The Most Top Census Appearances - Statistics

General Stats
  • This quiz has been taken 11,261 times
    11,181 since last reset
  • The average score is 23 of 39
Answer Stats
# Times City Peak Current % Correct
24 New York City 1 1
100%
19 Chicago 2 3
94%
24 Boston 3 25
92%
24 Philadelphia 2 6
89%
23 Washington D.C. 9 22
86%
19 Detroit 4 26
83%
17 Atlanta 24 36
82%
24 Baltimore 2 30
77%
17 San Francisco 8 17
77%
19 Cleveland 5 53
75%
22 Pittsburgh 8 67
75%
22 Cincinnati 6 66
71%
20 Nashville 21 21
71%
22 New Orleans 3 54
71%
20 St. Louis 4 70
71%
19 Columbus 15 15
70%
20 Buffalo 8 82
69%
18 Indianapolis 11 16
69%
19 Memphis 14 29
66%
23 Richmond 12 98
64%
19 Albany 9 335
61%
16 Kansas City 19 38
61%
18 Milwaukee 11 31
60%
20 Providence 9 134
57%
21 Louisville 12 27
56%
20 Newark 11 64
53%
19 Hartford 23 243
51%
19 Rochester 18 119
44%
16 Savannah 18 185
40%
17 Jersey City 17 70
38%
18 New Haven 17 211
36%
17 Toledo 26 86
35%
17 Saint Paul 23 68
33%
16 Omaha 21 41
30%
24 Norfolk 10 100
29%
17 Dayton 40 214
27%
16 Worcester 28 114
24%
16 Fort Wayne 70 83
17%
16 New Bedford 24 334
5%
No matching quizzes found
Score Distribution
Percent of People with Each Score
Percentile by Number Answered
Your Score History
You have not taken this quiz since the last reset